000 00682nam a2200265Ia 4500
003 OSt
005 20221007075131.0
006 a|||||r|||| 00| 0
007 ta
008 221006b |||||||| |||| 00| 0 eng d
020 _a8187162651
024 _a5,565
037 _cTextual
040 _aFLL
_cFLL
_beng
041 _2eng
_aeng
082 _aZ(Q2), P1.2
100 _aDesai Satyajeet A Au.
245 0 _aMulla principles of hindu law
250 _a18th
260 _aNew Delhi
_bButterworths India India
_c2001
300 _axxxix,622p
_ccm.
490 _v2
942 _hZ(Q2), P1.2
_cTEXL
_2CC
999 _c1154925
_d1154925